LEADER 01481nam a2200337 i 4500 001 991004123389707536 008 090131s1995 it b 111 0 ita d 020 $a887104939X 035 $ab13806270-39ule_inst 040 $aDip.to Filologia Class. e Scienze Filosofiche$bita 041 0 $aita$ager$aeng$aspa 110 2 $aAccademia romanistica costantiniana$0240708 245 10$aAtti dell'Accademia romanistica costantiniana :$bX Convegno internazionale in onore di Arnaldo Biscardi /[a cura di G. Grifò e S. Giglio] 260 $a[Napoli] :$bEdizioni scientifiche italiane,$c1995 300 $a751 p. ;$c24 cm 500 $aIn testa al front.: Università degli studi di Perugia, Facoltà di giurisprudenza 504 $aContiene riferimenti bibliografici. Indice 546 $aTesti in italiano, tedesco, inglese e spagolo 600 10$aBiscardi, Arnaldo$xStudi in onore 650 0$aCivilization, Classical$xCongresses. 650 4$aDiritto romano$vCongressi 700 1 $aBiscardi, Arnaldo 700 1 $aGrifò, Giuliano 700 1 $aGiglio, Stefano 710 2 $aUniversità di Perugia.$bFacoltà di giurisprudenza 907 $a.b13806270$b02-04-14$c30-01-09 912 $a991004123389707536 945 $aLE007 00 ARC 01$cv.10$g1$i2007000177112$lle007$op$pE52.00$q-$rl$s- $t0$u1$v0$w1$x0$y.i14924146$z02-02-09 996 $aAtti dell'Accademia romanistica costantiniana$9243398 997 $aUNISALENTO 998 $ale007$b30-01-09$cm$da $e-$fita$git $h0$i0